Cyber crime and law in the information technology / (Record no. 81159)

MARC details
000 -LEADER
fixed length control field 00989nam a22002777a 4500
005 - DATE AND TIME OF LATEST TRANSACTION
control field 20180308142343.0
010 ## - LCCN (DPL NO)
LC control number ENG-108822
020 ## - INTERNATIONAL STANDARD BOOK NUMBER
Terms of availability 595.00
International Standard Book Number 9789380164670
020 ## - INTERNATIONAL STANDARD BOOK NUMBER
Terms of availability 995.00(AV)
035 ## - SYSTEM CONTROL NUMBER
System control number EN-92355
035 ## - SYSTEM CONTROL NUMBER
System control number B-538707-709
035 ## - SYSTEM CONTROL NUMBER
System control number B-667705
037 ## - SOURCE OF ACQUISITION
Source of stock number/acquisition DBAD/PUB
037 ## - SOURCE OF ACQUISITION
Source of stock number/acquisition KKP/Ven
Stock number dpl
082 ## - DEWEY DECIMAL CLASSIFICATION NUMBER
Classification number 345.0268
100 ## - MAIN ENTRY--PERSONAL NAME
Personal name Vaidya, Asmita A.
245 ## - TITLE STATEMENT
Title Cyber crime and law in the information technology /
Statement of responsibility, etc by Asmita A. Vaidya [and] Adwait M. Vaidya
260 ## - PUBLICATION, DISTRIBUTION, ETC. (IMPRINT)
Place of publication, distribution, etc Delhi
Name of publisher, distributor, etc A.K. Publications
Date of publication, distribution, etc 2012
270 ## - ADDRESS
Address B-61/E-1, Gali No. 14, Jagatpuri Ext. Shahadra
City Delhi
Postal code 110093
300 ## - PHYSICAL DESCRIPTION
Extent 264p.
Dimensions 22cm(Hb)
500 ## - GENERAL NOTE
General note Includes bibliographical references and index
700 ## - ADDED ENTRY--PERSONAL NAME
Personal name Vaidya, Adwait M.
942 ## - ADDED ENTRY ELEMENTS (KOHA)
Source of classification or shelving scheme Dewey Decimal Classification
Item type English Books
Call number suffix VAI
Classification part 345.0268
Holdings
Withdrawn status Lost status Not for loan Collection code Home library Current library Date acquired Source of acquisition Cost, normal purchase price Full call number Barcode Copy number Cost, replacement price Koha item type
      Non-fiction Ashok Vihar Ashok Vihar 08/03/2018 KKP/278/24.2.2017/420/15.2.2017/17.3.2017 995.00 345.0268 VAI B-667705 1 995.00 English Books
      Non-fiction Central Library Central Library 13/08/2014 KKP/BL4/12.5.2014/146/25.3.2014/17.7.2014 595.00 345.0268 VAI B-538707 1 595.00 English Books
    Not For Loan Non-fiction D.B.Act.Division D.B.Act.Division 16/12/2013 DBAD/PUB 595.00 345.0268 VAI EN-92355 1 595.00 English Books
      Non-fiction Sarojini Nagar Sarojini Nagar 13/08/2014 KKP/BL4/12.5.2014/146/25.3.2014/17.7.2014 595.00 345.0268 VAI B-538709 1 595.00 English Books
      Non-fiction Shahdara Branch Shahdara Branch 13/08/2014 KKP/BL4/12.5.2014/146/25.3.2014/17.7.2014 595.00 345.0268 VAI B-538708 1 595.00 English Books

© Delhi Public Library
Hit Counter
free hit counter